Identificación multicriterio de oportunidades de conservación de biodiversidad, ventana Barbas-Bremen, municipio de Filandia, departamento de Quindío (Registro nro. 6367)
[ vista simple ]
| 000 -CABECERA | |
|---|---|
| Campo de control | 01105nam a2200229 a 4500 |
| 005 - FECHA Y HORA DE LA ULTIMA TRANSACCION | |
| Campo de control | 20180803165349.0 |
| 008 - ELEMENTOS DE LONGITUD FIJA—INFORMACION GENERAL | |
| Campo de control | 140128b2004 ck ||||| |||| 00| 0 spa d |
| 040 ## - FUENTE DE CATALOGACIÓN | |
| Agencia transcriptora | CO-BoIH |
| 041 ## - IDIOMA | |
| Código de idioma para texto/pista de sonido o título separado | Español |
| 044 ## - PAÍS DE PUBLICACIÓN | |
| País de publicación | Colombia |
| 090 ## - CLASIFICACIÓN LOCAL | |
| Colección | IAVH |
| Consecutivo | 00911 |
| 100 ## - ASIENTO PRINCIPAL--NOMBRE PERSONAL | |
| Nombre personal | Murillo Sencial, Xatlí |
| 245 ## - MENCION DE TITULO | |
| Título | Identificación multicriterio de oportunidades de conservación de biodiversidad, ventana Barbas-Bremen, municipio de Filandia, departamento de Quindío |
| 260 ## - PUBLICACION, DISTRIBUCION, ETC. (PIE DE IMPRENTA) | |
| Lugar de publicación, distribución, etc. | Armenia |
| Nombre del editor, distribuidor, etc. | Instituto Alexander von Humboldt |
| Fecha de publicación, distribución, etc. | 2004 |
| 300 ## - DESCRIPCION FISICA | |
| Extensión | 25 p. |
| 520 ## - NOTA DE RESUMEN, ETC. | |
| Nota de resumen | Contiene el reslultado de las actividades realizadas previamente para el establecimiento de Herramientas de Manejo del Paisaje - HMP- en distintos escenarios prediales identificados, con actores relevante para el proceso (tomadores de decisiones) dada su relación, directa o indirecta con los bienes y servicios ambientales del municipio de Filandia. |
| 650 ## - ASIENTO SECUNDARIO DE MATERIA - TERMINO TEMATICO | |
| Término temático o nombre geográfico como elemento de entrada | Herramientas de manejo del paisaje |
| 650 ## - ASIENTO SECUNDARIO DE MATERIA - TERMINO TEMATICO | |
| Término temático o nombre geográfico como elemento de entrada | Bienes y servicios ambientales |
| 662 ## - ASIENTO SECUNDARIO DE MATERIA - JERARQUIA DEL NOMBRE DE LUGAR( | |
| País o entidad mayor | Colombia |
| Ciudad | Filandia |
| Jurisdicción política de primer orden | Quindío |
| 942 ## - ELEMENTOS ADICIONALES (KOHA) | |
| Tipo de ítem | Informe Técnico |
| Sistema de clasificación | Local |
| 945 ## - PROCESAMIENTO LOCAL | |
| AAAA-MM-DD - Fecha de ingreso o modificacion | 2008-07-04 |
| Withdrawn status | Lost status | Sistema de Clasificación | Damaged status | No para préstamo | Colección | Inventariado | Ubicación Permanente | Ubicación actual | Fecha de adquisición | Total Checkouts | Número topográfico | Inventario / Código de Barras | Date last seen | Ejemplar | Price effective from | Forma de adquisición | Tipo de material |
|---|---|---|---|---|---|---|---|---|---|---|---|---|---|---|---|---|---|
| Local | Humboldt | Inventariado 2017 | Bogotá | Bogotá | 04/07/2008 | IAVH-00911 | 026100 | 09/08/2024 | Ej. 1 | 04/12/2012 | Informe Técnico |